[Event "World Cadets Championship G U10"]
[Site "?"]
[Date "2016.10.21"]
[Round "?"]
[White "Misiuk, Monika"]
[Black "Angheluta, Diana"]
[Result "1/2-1/2"]
[WhiteElo "1206"]
[BlackElo "1395"]
[PlyCount "51"]
[EventDate "2016.??.??"]

1. d4 Nf6 2. Nf3 e6 3. c3 b6 4. Bf4 Bb7 5. e3 d6 6. Be2 Nbd7 7. Nbd2 Be7 8. h3
O-O 9. O-O h6 10. Qb3 c5 11. Rac1 d5 12. c4 cxd4 13. Nxd4 e5 14. Bxh6 exd4 15.
Bf4 dxc4 16. Nxc4 dxe3 17. fxe3 Nc5 18. Qc3 Nce4 19. Qc2 Qd7 20. Bf3 Rfe8 21.
Ne5 Qc8 22. Qb3 Nd7 23. Qxf7+ Kh7 24. Qh5+ Kg8 25. Qf7+ Kh7 26. Qh5+ 1/2-1/2

[Event "Campionatul National de sah al Romaniei"]
[Site "Caciulata"]
[Date "2016.04.25"]
[Round "9.3"]
[White "Angheluta, Diana"]
[Black "Preda, Alessia-Elena"]
[Result "1-0"]
[WhiteElo "1300"]
[BlackElo "1195"]
[PlyCount "103"]
[EventDate "2016.04.18"]
[EventRounds "9"]

1. c4 e5 2. Nc3 Nf6 3. e4 Nc6 4. g3 d6 5. Bg2 h5 6. Nge2 h4 7. h3 hxg3 8. fxg3
Be6 9. d3 Qd7 10. g4 O-O-O 11. Bg5 Be7 12. Qd2 Nh7 13. Bxe7 Qxe7 14. O-O-O Nd4
15. Nxd4 exd4 16. Nb5 Kb8 17. Nxd4 c5 18. Nxe6 Qxe6 19. Rdf1 Rc8 20. Rf2 f6 21.
Qc3 Rc6 22. e5 Ra6 23. exf6 Nxf6 24. a3 Qe3+ 25. Qd2 Re8 26. Rf3 Qe2 27. Rf2
Qe3 28. Rhf1 Qxd2+ 29. Kxd2 Rb6 30. Kd1 Rb3 31. Kc2 Rb6 32. g5 Nh7 33. h4 Re3
34. Be4 Rh3 35. Bxh7 Rc6 36. Rf8+ Rc8 37. Rxc8+ Kxc8 38. Bf5+ Kc7 39. Bxh3 Kd8
40. Rf7 g6 41. Rg7 Ke8 42. Rxg6 Kf7 43. Rxd6 Ke7 44. g6 Kxd6 45. g7 Kc6 46.
g8=Q Kb6 47. Qe6+ Ka5 48. Kc3 b6 49. b4+ cxb4+ 50. axb4+ Ka4 51. Qe1 Ka3 52.
Qa1# 1-0

[Event "Campionatul National de sah al Romaniei"]
[Site "Caciulata"]
[Date "2016.04.24"]
[Round "8.3"]
[White "Angheluta, Diana"]
[Black "Tudor, Alina-Maria"]
[Result "1-0"]
[WhiteElo "1300"]
[BlackElo "1356"]
[PlyCount "69"]
[EventDate "2016.04.18"]
[EventRounds "9"]

1. c4 e6 2. Nc3 d5 3. cxd5 exd5 4. d4 Nf6 5. g3 Be7 6. Bg2 O-O 7. e3 c6 8. Nge2
Nbd7 9. O-O Re8 10. Bd2 Nf8 11. Qc2 Be6 12. h3 Rc8 13. Rac1 Qd7 14. Kh2 Bd6 15.
f4 Bf5 16. Qb3 Bd3 17. Rfe1 b5 18. Nxd5 cxd5 19. Qxd3 a6 20. Qb3 Bc7 21. Rc5
Ne4 22. Bxe4 dxe4 23. Rec1 Ne6 24. Rc6 Ra8 25. d5 Nf8 26. Rxc7 Qd8 27. Rb7 Rc8
28. d6 Re6 29. Rxc8 Qxc8 30. Re7 Rxe7 31. dxe7 Ng6 32. Bb4 Qe8 33. Qd5 Kh8 34.
Qd8 Qxd8 35. exd8=Q+ 1-0

[Event "Campionatul National de sah al Romaniei"]
[Site "Caciulata"]
[Date "2016.04.23"]
[Round "7.1"]
[White "Spiridon, Anisia"]
[Black "Angheluta, Diana"]
[Result "1-0"]
[WhiteElo "1477"]
[BlackElo "1300"]
[PlyCount "91"]
[EventDate "2016.04.18"]
[EventRounds "9"]

1. d4 d5 2. c4 c6 3. cxd5 cxd5 4. Nc3 Bf5 5. Qb3 Nc6 6. e3 e6 7. Qxb7 Nge7 8.
Nb5 Rc8 9. Nxa7 Qa5+ 10. Bd2 Qxa7 11. Qxa7 Nxa7 12. b4 Rb8 13. a4 Kd8 14. Rc1
Nec6 15. b5 Nb4 16. Rc3 Rc8 17. b6 Rxc3 18. Bxc3 Nac6 19. Bb5 Bd3 20. Bxd3
Nxd3+ 21. Ke2 Ndb4 22. Nf3 Bd6 23. a5 Kd7 24. Ra1 Na6 25. h3 Ra8 26. Ne1 Nab4
27. Bxb4 Bxb4 28. a6 Ba5 29. b7 Rxa6 30. Nd3 Bb6 31. Rxa6 Ba7 32. Nb4 Nxb4 33.
Rxa7 Kc7 34. b8=Q+ Kxb8 35. Rxf7 g6 36. Rxh7 Nc6 37. Rg7 Kc8 38. Rxg6 Kd7 39.
h4 Ke7 40. h5 Kf7 41. Rg3 Ne7 42. h6 Ng6 43. h7 Nh8 44. Rg8 Ng6 45. Rxg6 Kxg6
46. h8=Q 1-0

[Event "Campionatul National de sah al Romaniei"]
[Site "Caciulata"]
[Date "2016.04.21"]
[Round "5.2"]
[White "Angheluta, Diana"]
[Black "Puia, Alexia-Teodora"]
[Result "1-0"]
[WhiteElo "1300"]
[BlackElo "1214"]
[PlyCount "99"]
[EventDate "2016.04.18"]
[EventRounds "9"]

1. c4 e5 2. Nc3 Nf6 3. e4 Nc6 4. g3 Bc5 5. Bg2 d6 6. Nge2 Ng4 7. O-O h5 8. h3
h4 9. Na4 Nxf2 10. Rxf2 hxg3 11. Nxg3 Qg5 12. Nxc5 Qxg3 13. Rf3 Qg6 14. Nb3
Rxh3 15. Rxh3 Bxh3 16. Qf3 Be6 17. d3 Bg4 18. Qg3 a5 19. Be3 Nb4 20. Bd2 c5 21.
a3 Nc6 22. Rf1 a4 23. Na1 Nd4 24. Kh2 Qh5+ 25. Bh3 Bxh3 26. Qxh3 Qxh3+ 27. Kxh3
Ra6 28. Rb1 g6 29. Be3 f5 30. Bxd4 cxd4 31. exf5 gxf5 32. Nc2 Kf7 33. b3 Rb6
34. b4 Rc6 35. b5 Rc8 36. Rf1 Ke6 37. Nb4 e4 38. Rf4 Rh8+ 39. Kg2 Rg8+ 40. Kf1
Ke5 41. Rh4 Rg4 42. Rxg4 fxg4 43. Kg2 e3 44. Kg3 Kf5 45. Nc2 Ke5 46. Kxg4 d5
47. c5 Ke6 48. Nxd4+ Ke5 49. Nf3+ Ke6 50. d4 1-0

[Event "Campionatul National de sah al Romaniei"]
[Site "Caciulata"]
[Date "2016.04.21"]
[Round "4.1"]
[White "Ciocan, Ariana-Roxana"]
[Black "Angheluta, Diana"]
[Result "0-1"]
[WhiteElo "1555"]
[BlackElo "1300"]
[PlyCount "128"]
[EventDate "2016.04.18"]
[EventRounds "9"]

1. e4 d5 2. exd5 Qxd5 3. Nc3 Qa5 4. d4 c6 5. Nf3 Bg4 6. h3 Bh5 7. g4 Bg6 8. Bc4
h6 9. Bd2 Qc7 10. Bb3 e6 11. Qe2 Bd6 12. O-O-O Nf6 13. Rhg1 Nbd7 14. h4 Bf4 15.
Kb1 O-O-O 16. Be3 Rde8 17. Qd2 Bxe3 18. fxe3 Nd5 19. Ne2 Be4 20. Rdf1 g6 21.
Ng3 Bxf3 22. Rxf3 f5 23. g5 hxg5 24. hxg5 Rh3 25. Bxd5 exd5 26. Qg2 Reh8 27.
Rh1 Qxg3 28. Rxg3 Rxh1+ 29. Qg1 Rxg1+ 30. Rxg1 Rh3 31. a3 Rh5 32. Ka2 Nf8 33.
Re1 Rxg5 34. Rh1 Rh5 35. Rg1 Kd7 36. Kb3 g5 37. Kc3 g4 38. Kd2 Rh2+ 39. Ke1
Rxc2 40. Rf1 Rc1+ 41. Ke2 Rxf1 42. Kxf1 Ng6 43. Kf2 Kd6 44. Kg3 c5 45. dxc5+
Kxc5 46. Kg2 Kc4 47. Kg3 Kb3 48. Kf2 Kxb2 49. Ke2 Kxa3 50. Kf2 b5 51. Ke2 b4
52. Kd2 b3 53. Kc3 b2 54. Kc2 Ka2 55. Kc3 b1=Q 56. Kd4 Qd1+ 57. Kc5 g3 58. Kc6
d4 59. exd4 Qxd4 60. Kc7 Kb3 61. Kc6 Ne5+ 62. Kc7 Qd7+ 63. Kb8 Nc6+ 64. Ka8
Qc8# 0-1

[Event "Campionatul National de sah al Romaniei"]
[Site "Caciulata"]
[Date "2016.04.20"]
[Round "3.4"]
[White "Angheluta, Diana"]
[Black "Varga, Sonia-Francesca"]
[Result "1-0"]
[WhiteElo "1300"]
[BlackElo "1096"]
[PlyCount "77"]
[EventDate "2016.04.18"]
[EventRounds "9"]

1. c4 e5 2. g3 Nc6 3. Bg2 Nf6 4. Nc3 Bb4 5. e4 O-O 6. Nge2 d6 7. O-O Be6 8. d3
Re8 9. h3 Nd4 10. Be3 Nxe2+ 11. Nxe2 Qd7 12. Kh2 c5 13. a3 Ba5 14. Rb1 Rac8 15.
b4 Bb6 16. f4 exf4 17. gxf4 Qc6 18. e5 Qc7 19. exf6 gxf6 20. Rg1 Bf5 21. Bxb7+
Bg6 22. Bxc8 Qxc8 23. Bf2 cxb4 24. Bxb6 axb6 25. axb4 Kf8 26. Nd4 Bf5 27. Nxf5
Qxf5 28. Qf3 b5 29. Rbe1 Rxe1 30. Rxe1 h5 31. Qa8+ Kg7 32. Rg1+ Kh6 33. Qh8+
Qh7 34. Qxf6+ Qg6 35. Rxg6+ fxg6 36. f5 Kh7 37. Qxg6+ Kh8 38. f6 bxc4 39. Qg7#
1-0

[Event "Campionatul National de sah al Romaniei"]
[Site "Caciulata"]
[Date "2016.04.19"]
[Round "2.4"]
[White "Salajan, Stefania"]
[Black "Angheluta, Diana"]
[Result "0-1"]
[WhiteElo "1193"]
[BlackElo "1300"]
[PlyCount "134"]
[EventDate "2016.04.18"]
[EventRounds "9"]

1. c4 c5 2. Nc3 Nc6 3. g3 d6 4. Bg2 Bd7 5. e3 g6 6. Nge2 Bg7 7. h3 Nf6 8. O-O
O-O 9. Rb1 Rb8 10. d3 a6 11. a3 b5 12. cxb5 axb5 13. b4 cxb4 14. axb4 Qb6 15.
e4 Rfc8 16. Be3 Qc7 17. Qd2 Rd8 18. Bh6 Be6 19. Bxg7 Kxg7 20. Kh2 d5 21. Qc1
dxe4 22. dxe4 Bc4 23. Re1 Rd7 24. f4 Rbd8 25. f5 Rd2 26. Rb2 R2d3 27. fxg6 hxg6
28. Nf4 R3d7 29. Qe3 Ne5 30. Ra1 Nd3 31. Nxd3 Rxd3 32. Qe1 Nh5 33. Nd5 Bxd5 34.
exd5 Rxg3 35. Kg1 Rxd5 36. Re2 e6 37. Raa2 Rdg5 38. Rac2 Qb7 39. Qa1+ Kh7 40.
Qb2 Nf4 41. Red2 Nxg2 42. Rxg2 Qxg2+ 43. Rxg2 Rxg2+ 44. Qxg2 Rxg2+ 45. Kxg2 Kg7
46. Kf3 f5 47. Kg2 Kf7 48. Kf2 Ke7 49. Ke3 e5 50. Kd3 Kd6 51. Kd2 Kd5 52. Kd3
f4 53. h4 e4+ 54. Ke2 Kd4 55. Kd2 f3 56. Ke1 e3 57. Kf1 Kd3 58. Ke1 f2+ 59. Kf1
Kd2 60. Kg2 e2 61. Kxf2 e1=Q+ 62. Kg2 Qxh4 63. Kf3 Qe7 64. Kg3 Ke3 65. Kg2 Qg5+
66. Kh2 Kf3 67. Kh1 Qg2# 0-1

[Event "Campionatul National de sah al Romaniei"]
[Site "Caciulata"]
[Date "2016.04.18"]
[Round "1.4"]
[White "Angheluta, Diana"]
[Black "Boureanu, Bianca-Alina"]
[Result "1-0"]
[WhiteElo "1300"]
[BlackElo "1052"]
[PlyCount "69"]
[EventDate "2016.04.18"]
[EventRounds "9"]

1. e4 e5 2. c4 Nf6 3. Nc3 Nc6 4. g3 Bc5 5. Bg2 d6 6. Nge2 Bg4 7. O-O Nd4 8. d3
Bb4 9. f3 Nxe2+ 10. Nxe2 Bc5+ 11. d4 Bxd4+ 12. Nxd4 exd4 13. fxg4 c5 14. Qf3 h6
15. Re1 Qe7 16. Bf4 Rd8 17. e5 dxe5 18. Rxe5 Qxe5 19. Bxe5 O-O 20. Bxf6 gxf6
21. Qxf6 Rde8 22. Qxh6 Re6 23. Qg5+ Rg6 24. Qf5 Re8 25. Rf1 Rg7 26. Bd5 Rf8 27.
g5 Kh8 28. Qf6 Kh7 29. Qh6+ Kg8 30. g6 b6 31. gxf7+ Rgxf7 32. Qg6+ Kh8 33. Rxf7
Rxf7 34. Bxf7 b5 35. Qg8# 1-0

[Event "Campionatul National de sah al Romaniei"]
[Site "Calimanesti-Caciulata"]
[Date "2015.04.06"]
[Round "9.12"]
[White "Ciapa, Ioana-Antonia"]
[Black "Angheluta, Diana"]
[Result "0-1"]
[WhiteElo "1062"]
[BlackElo "1239"]
[PlyCount "142"]
[EventDate "2015.03.30"]
[EventRounds "5"]

1. e4 d5 2. exd5 Qxd5 3. Nc3 Qa5 4. d3 c6 5. Bd2 Qc7 6. Nf3 Bf5 7. Be2 e6 8.
O-O Bd6 9. g3 Nd7 10. Ne4 Ngf6 11. Nxd6+ Qxd6 12. Kg2 O-O 13. Nh4 Bg6 14. Nxg6
hxg6 15. Bc3 Qc7 16. Qd2 a6 17. Bf3 Kh7 18. d4 Rfe8 19. Rfe1 b5 20. Qf4 Qxf4
21. gxf4 Nd5 22. Bd2 N7f6 23. b3 Rac8 24. c4 Ne7 25. Rac1 Rb8 26. Ba5 Rec8 27.
a4 bxa4 28. bxa4 Nh5 29. Bxh5 gxh5 30. Rb1 Nf5 31. Rxb8 Rxb8 32. Re4 Nd6 33.
Re1 Nxc4 34. Rc1 Nxa5 35. Rc5 Nb3 36. Rxh5+ Kg8 37. Rh3 Nxd4 38. Rc3 Rb4 39. a5
Ra4 40. Rc5 Nb5 41. Rxc6 Rxa5 42. Rc8+ Kh7 43. Kg3 Ra3+ 44. Kg4 Ra2 45. f3 Rxh2
46. Ra8 Ra2 47. f5 Ra4+ 48. f4 a5 49. fxe6 fxe6 50. Kg5 Ra1 51. Kg4 a4 52. Kf3
Nc3 53. Ke3 Ra3 54. Kd2 Rb3 55. Kc2 Kg6 56. Ra6 Kf5 57. Rc6 g6 58. Ra6 Kxf4 59.
Rxe6 g5 60. Rg6 g4 61. Rg8 g3 62. Rf8+ Ke3 63. Re8+ Ne4 64. Rg8 Rb7 65. Ra8 g2
66. Rxa4 g1=Q 67. Ra3+ Kf4 68. Kd3 Qe3+ 69. Kc4 Rc7+ 70. Kd5 Qc5+ 71. Ke6 Qd6#
0-1

[Event "Campionatul National de sah al Romaniei"]
[Site "Calimanesti-Caciulata"]
[Date "2015.04.05"]
[Round "8.9"]
[White "Vorniceanu, Alina"]
[Black "Angheluta, Diana"]
[Result "1-0"]
[WhiteElo "1100"]
[BlackElo "1239"]
[PlyCount "59"]
[EventDate "2015.03.30"]
[EventRounds "5"]

1. e4 d5 2. exd5 Qxd5 3. Nc3 Qa5 4. d4 c6 5. Nf3 Bf5 6. Bd3 Bg6 7. O-O e6 8.
Bd2 Qc7 9. Qe2 Bd6 10. Rfe1 Nf6 11. Rad1 Nbd7 12. Ne4 Be7 13. c4 O-O 14. Rc1 b6
15. Nc3 Bh5 16. h3 c5 17. Qe3 Bxf3 18. Qxf3 cxd4 19. Nb5 Qd8 20. Nxd4 Ne5 21.
Qe3 Bc5 22. Bc3 Bxd4 23. Bxd4 Ned7 24. Rcd1 Qe7 25. Rb1 Rab8 26. b4 a6 27. c5
bxc5 28. bxc5 Nd5 29. Qe4 Nxc5 30. Qxh7# 1-0

[Event "Campionatul National de sah al Romaniei"]
[Site "Calimanesti-Caciulata"]
[Date "2015.04.04"]
[Round "7.9"]
[White "Angheluta, Diana"]
[Black "Enachescu, Alexandra-Maria"]
[Result "1/2-1/2"]
[WhiteElo "1239"]
[BlackElo "1026"]
[PlyCount "41"]
[EventDate "2015.03.30"]
[EventRounds "5"]

1. c4 e5 2. Nc3 Nc6 3. e4 d6 4. g3 Be7 5. Bg2 Be6 6. d3 h5 7. Nge2 Qd7 8. Bd2
Bg4 9. h3 Be6 10. Qc2 Nb4 11. Qb1 O-O-O 12. a3 Nc6 13. b4 Re8 14. b5 Nb8 15. a4
Kd8 16. a5 c6 17. Be3 c5 18. a6 b6 19. Na4 Qc7 20. O-O Nf6 21. Kh2 1/2-1/2

[Event "Campionatul National de sah al Romaniei"]
[Site "Calimanesti-Caciulata"]
[Date "2015.04.03"]
[Round "6.11"]
[White "Bocanici, Daria-Maria"]
[Black "Angheluta, Diana"]
[Result "0-1"]
[WhiteElo "1001"]
[BlackElo "1239"]
[PlyCount "48"]
[EventDate "2015.03.30"]
[EventRounds "5"]

1. e4 d5 2. Nc3 c6 3. d3 g6 4. Be3 d4 5. Bd2 dxc3 6. Bxc3 Nf6 7. Qe2 Nbd7 8. e5
Nd5 9. e6 N7f6 10. exf7+ Kxf7 11. Qd2 Bg7 12. O-O-O h5 13. Qe1 Nxc3 14. Qxc3
Ng4 15. Qe1 Qd4 16. Nh3 Qxb2+ 17. Kd2 Bc3+ 18. Ke2 Bxe1 19. Rxe1 Qxc2+ 20. Kf3
Rf8 21. Ng5+ Kg7+ 22. Kg3 Qxf2+ 23. Kh3 Ne3+ 24. g4 Bxg4# 0-1

[Event "Campionatul National de sah al Romaniei"]
[Site "Calimanesti-Caciulata"]
[Date "2015.04.02"]
[Round "5.8"]
[White "Angheluta, Diana"]
[Black "Popa, Roxana-Maria"]
[Result "0-1"]
[WhiteElo "1239"]
[BlackElo "1299"]
[PlyCount "122"]
[EventDate "2015.03.30"]
[EventRounds "5"]

1. c4 e5 2. Nc3 Nc6 3. e4 Nf6 4. g3 Bc5 5. Bg2 d6 6. Nge2 Be6 7. d3 h6 8. a3
O-O 9. O-O Nd4 10. b4 Bb6 11. h3 Qd7 12. Kh2 a5 13. b5 c6 14. a4 d5 15. exd5
cxd5 16. cxd5 Nxd5 17. f4 exf4 18. gxf4 f5 19. Bb2 Ne3 20. Qe1 Nxf1+ 21. Qxf1
Nxe2 22. Qxe2 Rfe8 23. Qf3 Rab8 24. Rd1 Bd4 25. Rc1 Qd6 26. Rc2 Rec8 27. Qe2
Qxf4+ 28. Kh1 Re8 29. Qd1 Bb3 30. Bd5+ Bxd5+ 31. Nxd5 Qg3 32. Bxd4 Re1+ 33.
Qxe1 Qxe1+ 34. Bg1 Re8 35. Rg2 Re2 36. Nf4 Rxg2 37. Kxg2 Qb4 38. Ne2 Qxa4 39.
b6 Qb4 40. Kf3 a4 41. Bd4 a3 42. Ke3 a2 43. Ba1 Qxb6+ 44. Kd2 Qb1 45. Bc3 a1=Q
46. Bxa1 Qxa1 47. d4 b5 48. Kd3 b4 49. Kc4 Qa3 50. d5 b3 51. Nc3 b2 52. Kd4 Qa1
53. Kc4 b1=Q 54. Nxb1 Qxb1 55. Kc5 Qb7 56. d6 Qd7 57. Kd5 Kf7 58. Ke5 Qe6+ 59.
Kf4 Qxd6+ 60. Kxf5 Qd4 61. h4 g6# 0-1

[Event "Campionatul National de sah al Romaniei"]
[Site "Calimanesti-Caciulata"]
[Date "2015.04.02"]
[Round "4.7"]
[White "Moldovan, Andrada"]
[Black "Angheluta, Diana"]
[Result "1/2-1/2"]
[WhiteElo "1295"]
[BlackElo "1239"]
[PlyCount "64"]
[EventDate "2015.03.30"]
[EventRounds "5"]

1. d4 d5 2. Nc3 Nf6 3. Bg5 Nbd7 4. Qd2 b6 5. Nf3 Bb7 6. e3 e6 7. a3 Be7 8. Be2
O-O 9. O-O-O a6 10. Ne5 b5 11. Nd3 c6 12. Nb1 c5 13. dxc5 Bxc5 14. Nxc5 Nxc5
15. Qd4 Ncd7 16. Rd3 Rc8 17. Rc3 Rc7 18. a4 Bc6 19. axb5 Bxb5 20. Bxb5 axb5 21.
Rd1 Qc8 22. Qb4 Ne4 23. Rxc7 Qxc7 24. Bf4 Qc4 25. Qxc4 bxc4 26. f3 Ndf6 27. g4
h6 28. h4 g6 29. Bxh6 Ra8 30. Rh1 Ra1 31. h5 gxh5 32. gxh5 Ng5 1/2-1/2

[Event "Campionatul National de sah al Romaniei"]
[Site "Calimanesti-Caciulata"]
[Date "2015.04.01"]
[Round "3.14"]
[White "Angheluta, Diana"]
[Black "Dorobantu, Maria-Andreea"]
[Result "1-0"]
[WhiteElo "1239"]
[BlackElo "1001"]
[PlyCount "69"]
[EventDate "2015.03.30"]
[EventRounds "5"]

1. c4 Nf6 2. Nc3 d5 3. b3 Nc6 4. e3 g6 5. Nge2 Bg7 6. g3 d4 7. Nb5 dxe3 8. fxe3
O-O 9. Bg2 Ne5 10. O-O Nd3 11. Rb1 Nxc1 12. Rxc1 Bg4 13. Bxb7 Bxe2 14. Qxe2 Rb8
15. Bg2 a6 16. Nc3 e6 17. Rcd1 Re8 18. d4 Nd7 19. c5 Ra8 20. Bxa8 Qxa8 21. Qf3
Qxf3 22. Rxf3 Nf6 23. d5 exd5 24. Nxd5 Nxd5 25. Rxd5 c6 26. Rd6 Rc8 27. Rd7 f6
28. Ra7 Rd8 29. Rxa6 Rd1+ 30. Rf1 Rxf1+ 31. Kxf1 Kf7 32. a4 Ke6 33. Rb6 Kd5 34.
b4 f5 35. a5 1-0

[Event "Campionatul National de sah al Romaniei"]
[Site "Calimanesti-Caciulata"]
[Date "2015.03.31"]
[Round "2.8"]
[White "Carstea, Alexia-Ecaterina"]
[Black "Angheluta, Diana"]
[Result "1-0"]
[WhiteElo "1422"]
[BlackElo "1239"]
[PlyCount "89"]
[EventDate "2015.03.30"]
[EventRounds "5"]

1. d4 d5 2. Bf4 Bf5 3. e3 e6 4. c4 Nf6 5. a3 Nbd7 6. Nc3 c6 7. Nf3 Be7 8. cxd5
Nxd5 9. Nxd5 cxd5 10. Be2 O-O 11. O-O Rc8 12. Rc1 Qb6 13. Qd2 Rc6 14. Rxc6 bxc6
15. h3 Rc8 16. Rc1 c5 17. Ne5 Nf6 18. dxc5 Rxc5 19. Rxc5 Qxc5 20. b4 Qb6 21.
Qd4 Qxd4 22. exd4 Bd6 23. f3 Bxe5 24. Bxe5 Nd7 25. Bc7 Bc2 26. Bb5 e5 27. Bxd7
exd4 28. Kf2 d3 29. Ke3 d4+ 30. Kd2 Kf8 31. Bd6+ Kg8 32. a4 g6 33. a5 h5 34. b5
Ba4 35. b6 axb6 36. axb6 Bxd7 37. b7 Kh7 38. b8=Q Bf5 39. Be5 Kh6 40. Qh8+ Kg5
41. g3 Bxh3 42. Qf6+ Kh6 43. Bf4+ Kh7 44. Qxf7+ Kh8 45. Be5# 1-0

[Event "Campionatul National de sah al Romaniei"]
[Site "Calimanesti-Caciulata"]
[Date "2015.03.30"]
[Round "1.19"]
[White "Angheluta, Diana"]
[Black "Palos, Andra-Maria"]
[Result "1-0"]
[WhiteElo "1239"]
[BlackElo "1001"]
[PlyCount "81"]
[EventDate "2015.03.30"]
[EventRounds "5"]

1. c4 e5 2. Nc3 Nf6 3. e4 d6 4. g3 c5 5. Bg2 Nc6 6. Nge2 Nd4 7. O-O Bg4 8. h3
Bxe2 9. Nxe2 Nxe2+ 10. Qxe2 Be7 11. d3 h6 12. Kh2 h5 13. a3 g6 14. f4 Qc7 15.
Rb1 b6 16. b4 cxb4 17. axb4 exf4 18. gxf4 a5 19. e5 Nh7 20. Bxa8 axb4 21. Rxb4
O-O 22. Be4 d5 23. Rb5 dxe4 24. Qxe4 f5 25. Qg2 Rf7 26. Qxg6+ Rg7 27. Qxf5 Bc5
28. Qxh5 Qf7 29. Qxf7+ Rxf7 30. e6 Nf6 31. exf7+ Kxf7 32. Bb2 Nh5 33. d4 Bxd4
34. Bxd4 Ke6 35. Rxh5 Kd7 36. f5 Ke7 37. f6+ Kf7 38. Rh7+ Kf8 39. f7 Ke7 40.
f8=Q+ Ke6 41. Rf6# 1-0

[Event "Calimanesti ROM, Ch U8 (g) 2014"]
[Site "Calimanesti ROM"]
[Date "2014.04.13"]
[Round "9.6"]
[White "Angheluta, Diana"]
[Black "Csurka, Noemi"]
[Result "1-0"]
[WhiteElo "1155"]
[BlackElo "1007"]
[PlyCount "111"]
[EventDate "2014.04.06"]
[EventType "swiss"]
[EventRounds "9"]
[EventCountry "ROM"]

1. c4 e5 2. Nc3 Nf6 3. e4 Nc6 4. g3 Bb4 5. Nge2 O-O 6. Bg2 h6 7. O-O d6 8. a3
Bxc3 9. Nxc3 Bg4 10. Qc2 a6 11. d3 Rb8 12. h3 Be6 13. Kh2 b5 14. cxb5 axb5 15.
b4 Nd4 16. Qb2 Nb3 17. Rb1 Nxc1 18. Rfxc1 d5 19. exd5 Nxd5 20. Nxd5 Bxd5 21.
Qxe5 Bxg2 22. Kxg2 Qxd3 23. Qc3 Qxc3 24. Rxc3 Rfc8 25. Rbc1 f5 26. Rxc7 Rxc7
27. Rxc7 g5 28. Rc6 Kg7 29. Rc5 Rb7 30. Rxf5 Kg6 31. Rd5 Rc7 32. Rd8 Rc3 33.
Rg8+ Kf6 34. Rf8+ Ke6 35. Re8+ Kd7 36. Re5 Rc2 37. Rxb5 Rd2 38. a4 Rc2 39. a5
Rb2 40. a6 Ra2 41. Ra5 Rxa5 42. bxa5 Kc6 43. a7 Kb7 44. f4 gxf4 45. gxf4 Kxa7
46. f5 Ka6 47. f6 Kxa5 48. f7 Kb4 49. f8=Q+ Kc3 50. Qd6 Kc4 51. Kf3 Kc3 52. Ke3
Kc2 53. Qd2+ Kb1 54. Kd3 Ka1 55. Kc3 Kb1 56. Qb2# 1-0

[Event "Calimanesti ROM, Ch U8 (g) 2014"]
[Site "Calimanesti ROM"]
[Date "2014.04.12"]
[Round "8.7"]
[White "Dumitrescu, Karina-Andreea"]
[Black "Angheluta, Diana"]
[Result "0-1"]
[WhiteElo "1033"]
[BlackElo "1155"]
[PlyCount "34"]
[EventDate "2014.04.06"]
[EventType "swiss"]
[EventRounds "9"]
[EventCountry "ROM"]

1. e4 d5 2. exd5 Qxd5 3. Nc3 Qa5 4. Nf3 c6 5. Be2 Bf5 6. O-O e6 7. d3 Bd6 8.
Bd2 Qc7 9. Ne4 Nd7 10. Nxd6+ Qxd6 11. a3 Ngf6 12. d4 Qc7 13. Ne5 Nxe5 14. dxe5
Qxe5 15. Bc3 Qc7 16. Bd3 Ng4 17. Bxf5 Qxh2# 0-1

[Event "Calimanesti ROM, Ch U8 (g) 2014"]
[Site "Calimanesti ROM"]
[Date "2014.04.11"]
[Round "7.6"]
[White "Angheluta, Diana"]
[Black "Schiopu, Oana-Magdalena"]
[Result "0-1"]
[WhiteElo "1155"]
[BlackElo "1140"]
[PlyCount "45"]
[EventDate "2014.04.06"]
[EventType "swiss"]
[EventRounds "9"]
[EventCountry "ROM"]

1. c4 e6 2. Nc3 d5 3. cxd5 exd5 4. e3 Be7 5. Nge2 Bg4 6. g3 Nf6 7. Bg2 O-O 8.
O-O Nc6 9. d4 Qd7 10. Bd2 Bh3 11. Nf4 Bg4 12. Qb3 Na5 13. Qc2 c6 14. Ncxd5 Nxd5
15. Bxd5 Rac8 16. Bc3 b5 17. Qd2 cxd5 18. b3 b4 19. Bb2 Bf5 20. Rac1 Rxc1 21.
Rxc1 Nc4 22. Qe2 Bd6 23. Nxd5 0-1

[Event "Calimanesti ROM, Ch U8 (g) 2014"]
[Site "Calimanesti ROM"]
[Date "2014.04.10"]
[Round "6.4"]
[White "Angheluta, Diana"]
[Black "Barila, Stefana"]
[Result "0-1"]
[WhiteElo "1155"]
[BlackElo "1001"]
[PlyCount "150"]
[EventDate "2014.04.06"]
[EventType "swiss"]
[EventRounds "9"]
[EventCountry "ROM"]

1. c4 e5 2. Nc3 c5 3. e4 d6 4. g3 Nf6 5. Bg2 Be7 6. Nge2 O-O 7. O-O Bg4 8. d3
Nc6 9. h3 Bh5 10. Kh2 a5 11. f4 h6 12. f5 Bxe2 13. Qxe2 Nd4 14. Qf2 Rb8 15. a3
b5 16. cxb5 Nxb5 17. Qd2 Nd4 18. Qf2 Nb3 19. Rb1 Nxc1 20. Rfxc1 Nh7 21. Nd5 Bg5
22. Rd1 Nf6 23. Nxf6+ Bxf6 24. Qd2 Bg5 25. Qc3 Qb6 26. b3 Be3 27. Rb2 Bd4 28.
Qc2 Bxb2 29. Qxb2 Qxb3 30. Qxb3 Rxb3 31. a4 Ra3 32. Rf1 Rxa4 33. f6 gxf6 34.
Rxf6 Ra3 35. Bf1 Ra2+ 36. Kg1 a4 37. Rxd6 a3 38. Ra6 Ra1 39. Ra5 Rc8 40. Ra4
Rd8 41. Kg2 a2 42. Ra3 Rb8 43. Ra4 Rb4 44. Ra3 Rb3 45. Ra4 Rb2+ 46. Kg1 Rbb1
47. Ra8+ Kg7 48. Rxa2 Rxa2 49. h4 Rb4 50. Bh3 c4 51. dxc4 Rxc4 52. Bg2 Ra1+ 53.
Kh2 Raa4 54. Kh3 Rxe4 55. Bxe4 Rxe4 56. Kg2 Re2+ 57. Kf3 Re1 58. Kf2 Rd1 59.
Kf3 f6 60. Kf2 Kg6 61. Kf3 Kf5 62. g4+ Ke6 63. Kf2 Kd5 64. Kf3 Kd4 65. h5 e4+
66. Kf2 Kd3 67. g5 fxg5 68. Kg2 e3 69. Kg3 e2 70. Kg4 e1=Q 71. Kf5 Qe4+ 72. Kf6
Rf1+ 73. Kg7 Qe6 74. Kh7 Rf7+ 75. Kg8 Qe8# 0-1

[Event "Calimanesti ROM, Ch U8 (g) 2014"]
[Site "Calimanesti ROM"]
[Date "2014.04.09"]
[Round "4.3"]
[White "Angheluta, Diana"]
[Black "Jidovu, Ana-Gabriela"]
[Result "1-0"]
[WhiteElo "1155"]
[BlackElo "1003"]
[PlyCount "65"]
[EventDate "2014.04.06"]
[EventType "swiss"]
[EventRounds "9"]
[EventCountry "ROM"]

1. c4 e5 2. Nc3 d6 3. e4 Qd7 4. g3 Qg4 5. Qxg4 Bxg4 6. Bg2 Nc6 7. Nge2 Nf6 8.
d3 O-O-O 9. O-O Be7 10. h3 Bxe2 11. Nxe2 Nb4 12. a3 Nxd3 13. Rd1 Nxc1 14. Raxc1
a6 15. b4 Rhe8 16. Rc2 h5 17. Rcc1 g5 18. g4 hxg4 19. hxg4 Nxg4 20. Bh3 f5 21.
exf5 Nh6 22. f6+ Kb8 23. fxe7 Rxe7 24. c5 dxc5 25. Rxc5 Rc8 26. Bxc8 Kxc8 27.
Nc3 Rf7 28. Nd5 Ng4 29. Rxc7+ Kb8 30. Rxf7 Ka7 31. Rc7 e4 32. Rxb7+ Ka8 33.
Nb6+ 1-0

[Event "Calimanesti ROM, Ch U8 (g) 2014"]
[Site "Calimanesti ROM"]
[Date "2014.04.09"]
[Round "5.2"]
[White "Ciapa, Ioana-Antonia"]
[Black "Angheluta, Diana"]
[Result "1-0"]
[WhiteElo "1058"]
[BlackElo "1155"]
[PlyCount "93"]
[EventDate "2014.04.06"]
[EventType "swiss"]
[EventRounds "9"]
[EventCountry "ROM"]

1. e4 d5 2. exd5 Qxd5 3. Nc3 Qa5 4. Nf3 c6 5. d4 Bf5 6. Bf4 e6 7. Be2 Be7 8.
Qd2 Nf6 9. O-O Nbd7 10. Rfe1 O-O 11. h3 Rad8 12. a3 Nb6 13. b4 Bxb4 14. axb4
Qxb4 15. Rxa7 Rd7 16. Raa1 Rfd8 17. Reb1 Nc4 18. Qc1 Qxc3 19. Ra2 Na5 20. Bd2
Nb3 21. Rxb3 Qxb3 22. cxb3 Be4 23. Nh2 Rxd4 24. Ng4 Nxg4 25. Bxg4 Bd5 26. Ra3
Bxb3 27. Rxb3 Rxd2 28. Rxb7 R2d6 29. Qc4 h6 30. f4 Ra8 31. f5 Re8 32. fxe6 fxe6
33. Bh5 Ra8 34. Bf7+ Kh7 35. Qe4+ Kh8 36. Qg6 Rd1+ 37. Kh2 Raa1 38. Bxe6 Rh1+
39. Kg3 Ra3+ 40. Kg4 Ra4+ 41. Kg3 Ra3+ 42. Kh4 Ra4+ 43. g4 Rxh3+ 44. Kxh3 Ra3+
45. Kh4 Rh3+ 46. Kxh3 c5 47. Qxg7# 1-0